000 00600nam a2200241Ia 4500
005 20260306150938.0
008 008 260114s9999 xx 000 0 eng d
020 _a9783964568601
037 _aEbook
040 _aCRL
040 _beng
040 _cCRL
041 _2eng
041 _aeng
084 _qCRL
245 0 _aEl certamen literario Estatua de la Paz (Zacatecas, 1722)
260 _bVervuert Verlagsgesellschaft
260 _c2019
650 _aLiterary Studies
856 _uhttps://www.degruyter.com/isbn/9783964568601
942 _cEBOOK
999 _c1700969
_d1700969